Electromagnetism for Electronic Engineers (Record no. 247806)

000 -LEADER
fixed length control field 00238 a2200097 4500
001 - CONTROL NUMBER
control field 12733
090 ## - LOCALLY ASSIGNED LC-TYPE CALL NUMBER (OCLC); LOCAL CALL NUMBER (RLIN)
-- 9732
-- 9732
100 ## - MAIN ENTRY--PERSONAL NAME
Personal name Carter,R.G
245 ## - TITLE STATEMENT
Title Electromagnetism for Electronic Engineers
260 ## - PUBLICATION, DISTRIBUTION, ETC.
Place of publication, distribution, etc. London
Name of publisher, distributor, etc. chapman and Hall
Date of publication, distribution, etc. 1992
942 ## - ADDED ENTRY ELEMENTS (KOHA)
Institution code [OBSOLETE] NUST-CAE
Koha item type
--
Holdings
Withdrawn status Lost status Damaged status Not for loan Collection code Permanent Location Current Location Date acquired Total Checkouts Barcode Date last seen Price effective from Koha item type
          College of Aeronautical Engineering (CAE) College of Aeronautical Engineering (CAE) 04/03/2017   CAE72368 04/05/2017 04/05/2017 Book
© 2023 Central Library, National University of Sciences and Technology. All Rights Reserved.